000
00220 a2200097 4500
001
14728
100
_a
Munawwar Khan
245
_a
Anglo Afghan Relation
260
_a
Peshawar
_b
Univ book agency
_c
090
_c
11509
_d
11509
942
_a
NUST-CAE
_c
M
_c
1680
999
_c
249801
_d
249801